Normal view MARC view

Entry Personal Name

Number of records used in: 1

001 - CONTROL NUMBER

  • control field: 58427

003 - CONTROL NUMBER IDENTIFIER

  • control field: dpl

005 - DATE AND TIME OF LATEST TRANSACTION

  • control field: 20231108161217.0

008 - FIXED-LENGTH DATA ELEMENTS

  • fixed length control field: 231108|| aca||aabn | a|a d

040 ## - CATALOGING SOURCE

  • Original cataloging agency: dpl
  • Transcribing agency: dpl

100 ## - HEADING--PERSONAL NAME

  • Personal name: Kulshreshtha, Abhiram

670 ## - SOURCE DATA FOUND

  • Source citation: Work cat.: (dpl)199035: Kulshreshtha, Abhiram, 50 Famous Wars/Battles in Indian history/, 2022

© Delhi Public Library
Hit Counter
free hit counter